| 000 | 00358nam a2200145Ia 4500 | ||
|---|---|---|---|
| 008 | 140316s9999 xx 000 0 und d | ||
| 020 | _a9788131510537 | ||
| 082 |
_a658 _bDUB/MA |
||
| 100 | _aAndrew,J. DuBrin | ||
| 245 | _aManagement : Concepts and cases | ||
| 260 |
_aAustralia _bCengage learning _c2009 |
||
| 300 | _a482 | ||
| 650 | _a | ||
| 942 |
_2ddc _cBK |
||
| 999 |
_c10981 _d10981 |
||